[Event "Corsico op-B 13th"]
[Site "Corsico"]
[Date "1997.05.??"]
[Round "5"]
[White "Saccani, Ettore"]
[Black "Perucconi, Nicola"]
[Result "1-0"]
[WhiteElo "1582"]
[BlackElo "1639"]
[PlyCount "99"]
[EventDate "1997.05.01"]
[EventType "swiss"]
[EventRounds "6"]
[EventCountry "ITA"]
[SourceTitle "EXT 2024"]
[Source "ChessBase"]
[SourceDate "2023.10.10"]
[SourceVersion "1"]
[SourceVersionDate "2023.10.10"]
[SourceQuality "1"]

1. e4 c5 2. c3 Nf6 3. e5 Nd5 4. d4 cxd4 5. cxd4 e6 6. Bd2 d6 7. Bb5+ Bd7 8. Bxd7+ Nxd7 9. Nf3 Rc8 10. Nc3 Nxc3 11. Bxc3 d5 12. 0-0 Be7 13. Rc1 0-0 14. Qd3 Nb6 15. Rc2 Qd7 16. Rfc1 Rc6 17. Bd2 Rfc8 18. Rxc6 Rxc6 19. Rxc6 Qxc6 20. Ng5 Bxg5 21. Bxg5 Qc4 22. Qd2 Qxa2 23. h3 Kf8 24. b4 Qxd2 25. Bxd2 Nc4 26. Bc1 b5 27. Kf1 h5 28. h4 f6 29. f4 Kf7 30. Kf2 Kg6 31. Kf3 Kf5 32. g3 a6 33. Be3 Nxe3 34. Kxe3 Kg4 35. Kf2 f5 36. Kg2 g6 37. Kf2 Kh3 38. Kf3 Kh2 39. Kf2 Kh1 40. Kf1 a5 41. bxa5 b4 42. Ke1 Kg2 43. a6 Kxg3 44. a7 Kxf4 45. a8Q Kg4 46. Qd8 Kf4 47. Qg5+ Ke4 48. Qd2 b3 49. Ke2 f4 50. Qd3# 1-0